Curso de lengua española
Αποθηκεύτηκε σε:
| Κύριος συγγραφέας: | |
|---|---|
| Μορφή: | Βιβλίο |
| Γλώσσα: | Ισπανικά |
| Έκδοση: |
Madrid
Anaya
1982
|
| Σειρά: | Manuales de Orientación Universitaria
|
| Θέματα: | |
| Ετικέτες: |
Προσθήκη ετικέτας
Δεν υπάρχουν, Καταχωρήστε ετικέτα πρώτοι!
|
MARC
| LEADER | 00000nam a2200000 a 4500 | ||
|---|---|---|---|
| 001 | UCI0067 | ||
| 003 | CL-VaPUC | ||
| 008 | 070420e19820000SP |||||||||||||||||spa|d | ||
| 082 | 0 | 4 | |a 410 |b LAZ |2 21 |
| 100 | 0 | |a Lázaro-Vicente Tusón, Fernando |e author |9 520153 | |
| 245 | 1 | 0 | |a Curso de lengua española |
| 300 | |a 503 p | ||
| 942 | |c BK | ||
| 945 | |d 20070420 00:00:00 |a jtorresc | ||
| 260 | |a Madrid |b Anaya |c 1982 | ||
| 650 | 0 | |a Lingüística española |9 353524 | |
| 650 | 0 | |a Enseñanza del español |9 339826 | |
| 583 | |a last modification |c 20130304 02:25:20 |k Rodrigo Vera | ||
| 490 | 0 | |a Manuales de Orientación Universitaria | |
| 999 | |c 325358 |d 325356 | ||
| 952 | |0 0 |1 0 |4 0 |6 410_000000000000000_LAZ_1982 |7 0 |8 A |9 406112 |a FDOPOS |b FDOPOS |d 2019-11-22 |i 4273915 |o 410 LAZ 1982 |p 4273915 |r 2025-01-22 |w 2019-11-22 |y BK |k MLA | ||